[Event "12th ChessMates International, York"]
[Site "York Guildhall"]
[Date "2025.03.23"]
[Round "5.16"]
[White "Kryshtafor, Maksym"]
[Black "Westerhof, Fleur"]
[Result "1/2-1/2"]
[WhiteElo "1722"]
[BlackElo "1957"]
[PlyCount "134"]
[EventDate "2025.??.??"]
[WhiteTeam "Estonia"]
[BlackTeam "Rotterdamse Schaakbond"]
[WhiteTeamCountry "EST"]

1. e4 e5 2. Nf3 Nc6 3. Bb5 a6 4. Bxc6 dxc6 5. O-O Bd6 6. d4 exd4 7. Qxd4 f6 8.
e5 Bxe5 9. Qxd8+ Kxd8 10. Nxe5 fxe5 11. Re1 Nf6 12. Rxe5 Re8 13. Rxe8+ Kxe8 14.
Bf4 Bf5 15. c3 Rd8 16. Nd2 Kd7 17. Nc4 Kc8 18. Ne3 Be6 19. Nf1 Bf7 20. a3 Re8
21. Be3 Nd5 22. Bd4 g6 23. Ng3 Nf4 24. Be3 Nd5 25. Bg5 Nb6 26. b4 Bc4 27. f3
Nd7 28. f4 c5 29. Rc1 cxb4 30. cxb4 b5 31. a4 c5 32. bxc5 Nxc5 33. axb5 axb5
34. f5 Nd3 35. Rd1 gxf5 36. Nxf5 Kc7 37. Bh4 Kc6 38. Bg3 Kc5 39. Bd6+ Kd5 40.
Bb4 Re6 41. Ng3 Kc6 42. Bd2 Kc5 43. Nf5 Re5 44. Ne3 b4 45. Nc2 Bb3 46. Nxb4
Nxb4 47. Rb1 Rd5 48. Rxb3 Rxd2 49. Rh3 Rd7 50. Kf2 Kd5 51. Kf3 Ke5 52. Rh6 Rg7
53. g4 Nd5 54. h4 Nf6 55. g5 Ng8 56. Ra6 Kf5 57. Ra5+ Kg6 58. Kg4 Rb7 59. Ra6+
Kg7 60. Kh5 Ne7 61. Ra4 Ng6 62. Kg4 Rc7 63. Kh5 Rb7 64. Rc4 Rf7 65. Ra4 Nf4+
66. Kg4 Ng6 67. Kh5 Nf4+ 1/2-1/2

[Event "12th ChessMates International, York"]
[Site "York Guildhall"]
[Date "2025.03.23"]
[Round "5.17"]
[White "Koppenens, Oscar"]
[Black "Kais, Kristofer"]
[Result "1-0"]
[WhiteElo "1986"]
[BlackElo "1778"]
[PlyCount "122"]
[EventDate "2025.??.??"]
[WhiteTeam "Rotterdamse Schaakbond"]
[BlackTeam "Estonia"]
[BlackTeamCountry "EST"]

1. e4 c5 2. Nf3 g6 3. d4 cxd4 4. Nxd4 Nc6 5. c4 Nf6 6. Nc3 Nxd4 7. Qxd4 d6 8.
Be2 Bg7 9. Be3 O-O 10. Qd2 Be6 11. O-O Qa5 12. Rac1 Rfc8 13. b3 a6 14. f4 b5
15. f5 Bd7 16. e5 b4 17. Na4 Ne4 18. Qc2 Bxa4 19. Qxe4 Bc6 20. Qf4 Bxe5 21. Qf2
Rf8 22. Bd3 Bg7 23. Rce1 Qc7 24. Bg5 Rae8 25. Qh4 Be5 26. Re3 Qa7 27. Kh1 Qd4
28. Qxd4 Bxd4 29. Rxe7 f6 30. Rxe8 Rxe8 31. Bf4 Bc5 32. fxg6 hxg6 33. h4 Kg7
34. Kh2 a5 35. g4 Be3 36. Kg3 Bxf4+ 37. Kxf4 Re5 38. g5 fxg5+ 39. hxg5 Re6 40.
Rd1 Bb7 41. Bf1 Re4+ 42. Kg3 Re3+ 43. Kf2 Rf3+ 44. Ke2 Rf5 45. Rxd6 Bf3+ 46.
Ke3 Bg4 47. Bd3 Rc5 48. Rxg6+ Kf7 49. Kd4 Rc7 50. Rf6+ Kg7 51. Be4 a4 52. Rg6+
Kf7 53. Rh6 Rd7+ 54. Kc5 Rd2 55. Kxb4 Rxa2 56. bxa4 Rb2+ 57. Kc5 Ra2 58. Kb5
Bd7+ 59. Bc6 Rb2+ 60. Kc5 Be6 61. Bd5 Re2 1-0

[Event "12th ChessMates International, York"]
[Site "York Guildhall"]
[Date "2025.03.23"]
[Round "5.18"]
[White "Voropaiev, Illia"]
[Black "Yantur, Arda"]
[Result "1-0"]
[WhiteElo "1730"]
[BlackElo "1811"]
[PlyCount "135"]
[EventDate "2025.??.??"]
[WhiteTeam "Estonia"]
[BlackTeam "Rotterdamse Schaakbond"]
[WhiteTeamCountry "EST"]

1. e4 c6 2. d4 d5 3. exd5 cxd5 4. Bd3 Nc6 5. c3 Qc7 6. h3 Nf6 7. Nf3 e6 8. O-O
h6 9. Qe2 Bd6 10. Re1 O-O 11. Ne5 Bd7 12. f4 a6 13. g4 Ne8 14. g5 hxg5 15. fxg5
Nxe5 16. dxe5 Bc5+ 17. Kh1 g6 18. Nd2 Ng7 19. Nb3 Ba7 20. Nd4 Nh5 21. Qf3 Kg7
22. Kg2 b5 23. Bd2 Rh8 24. Rf1 Raf8 25. Rae1 Qa5 26. Be3 Qc7 27. Bg1 Bb8 28.
Nb3 Ba7 29. Nd4 Bb8 30. Re2 Be8 31. Qg4 Bd7 32. Bh2 Qc8 33. Bg1 Qc7 34. Qf3 Qd8
35. Qg4 Qc7 36. Rf3 Qc8 37. Nb3 Qc7 38. Bc5 Rc8 39. Be7 Bc6 40. Bd6 Qd8 41.
Bxb8 Rxb8 42. Nd4 Bd7 43. Rf1 Qe7 44. Ref2 Rbf8 45. Nb3 Bc8 46. h4 Qc7 47. Qd4
Bb7 48. Nc5 Bc8 49. b4 Qc6 50. a3 Qc7 51. a4 bxa4 52. Nxa4 Rh7 53. Ra2 Kg8 54.
Nc5 Ng7 55. Nxa6 Bxa6 56. Rxa6 Nf5 57. Bxf5 gxf5 58. b5 Rb8 59. Rb1 f4 60. Kh3
f3 61. b6 Qc6 62. Kg3 Kg7 63. Rb4 f2 64. Ra1 Rbh8 65. Qe3 Qb7 66. Qxf2 Rb8 67.
Ra7 Rxh4 68. Rxb7 1-0

[Event "12th ChessMates International, York"]
[Site "York Guildhall"]
[Date "2025.03.23"]
[Round "5.21"]
[White "Rich, Aaron"]
[Black "Sheahan, Ben"]
[Result "0-1"]
[WhiteElo "1918"]
[BlackElo "2044"]
[PlyCount "128"]
[EventDate "2025.??.??"]
[WhiteTeam "Yorkshire"]
[BlackTeam "Ireland"]
[BlackTeamCountry "IRL"]

1. b3 Nf6 2. Bb2 g6 3. e3 Bg7 4. f4 O-O 5. Nf3 d6 6. Be2 e5 7. fxe5 Ng4 8. O-O
Nc6 9. Nc3 Ngxe5 10. a3 Nxf3+ 11. Bxf3 Ne5 12. Rb1 c6 13. a4 Qe7 14. Ba3 Bf5
15. Ne2 Rad8 16. Nd4 Nxf3+ 17. Nxf3 Qe4 18. Rc1 Rfe8 19. Qe1 c5 20. Qg3 b6 21.
Ng5 Qe7 22. Rxf5 gxf5 23. Nh3 Qe4 24. Nf4 Kh8 25. Nd3 d5 26. Rf1 d4 27. Bc1 Rd7
28. Qh3 Qg4 29. Rxf5 Qxh3 30. gxh3 dxe3 31. dxe3 Re6 32. h4 Rg6+ 33. Rg5 Bf6
34. Rxg6 hxg6 35. Kf2 Bxh4+ 36. Kf3 Bf6 37. e4 Bd4 38. Bg5 Kg7 39. e5 Bg1 40.
Bf6+ Kf8 41. h3 c4 42. Nf4 cxb3 43. cxb3 Rd1 44. h4 Rb1 45. b4 Rb3+ 46. Kg2 Be3
47. Nd5 Bh6 48. a5 bxa5 49. bxa5 Rb5 50. Be7+ Kg8 51. Nf6+ Kh8 52. Ng4 Bg7 53.
Bd8 Kg8 54. Bc7 Rc5 55. Bd6 Rxa5 56. Kf3 Ra4 57. Kg3 a5 58. Kf3 Ra1 59. Kf4 a4
60. Kg5 Kh7 61. h5 gxh5 62. Kxh5 a3 63. Kg5 a2 64. e6 fxe6 0-1

[Event "12th ChessMates International, York"]
[Site "York Guildhall"]
[Date "2025.03.23"]
[Round "5.22"]
[White "O`reilly, Conor"]
[Black "Pitel, Benedikt"]
[Result "0-1"]
[WhiteElo "1924"]
[BlackElo "1827"]
[PlyCount "104"]
[EventDate "2025.??.??"]
[WhiteTeam "Ireland"]
[BlackTeam "Yorkshire"]
[WhiteTeamCountry "IRL"]

1. e4 c6 2. Nf3 d5 3. d3 dxe4 4. dxe4 Qxd1+ 5. Kxd1 Bg4 6. Be2 Nd7 7. Ne1 Bxe2+
8. Kxe2 Ngf6 9. f3 e6 10. Nd2 Bc5 11. Nd3 Bb6 12. Nc4 Bc7 13. a4 Nb6 14. Na5
Nbd7 15. Nxb7 Rb8 16. Nbc5 Nxc5 17. Nxc5 Bd6 18. Nd3 Nd7 19. Be3 Rb7 20. b3 Ke7
21. f4 f6 22. h4 c5 23. Nb2 Rc8 24. h5 Rc6 25. Nc4 Bc7 26. a5 Rb5 27. Ra3 Ra6
28. g3 Nb8 29. Rha1 Nc6 30. c3 Kd7 31. Kd3 Kc8 32. Bf2 f5 33. e5 Kd7 34. g4
fxg4 35. Rg1 Ke7 36. Rxg4 Kf7 37. Rg1 Ne7 38. Rga1 Nd5 39. Bg3 Ne7 40. Ke4 Ke8
41. Bf2 Kf7 42. Rd1 Nd5 43. Be1 Rb8 44. Ne3 Nxe3 45. Kxe3 Rd8 46. Rxd8 Bxd8 47.
Kd3 Rxa5 48. Rxa5 Bxa5 49. Kc4 Bb6 50. Bf2 h6 51. Bxc5 g6 52. Bf8 Kxf8 0-1

[Event "12th ChessMates International, York"]
[Site "York Guildhall"]
[Date "2025.03.23"]
[Round "5.23"]
[White "Quaite, Toby"]
[Black "Woods, Christopher"]
[Result "0-1"]
[WhiteElo "1905"]
[BlackElo "1972"]
[PlyCount "56"]
[EventDate "2025.??.??"]
[WhiteTeam "Yorkshire"]
[BlackTeam "Ireland"]
[BlackTeamCountry "IRL"]

1. g3 Nf6 2. Bg2 e6 3. Nf3 d5 4. O-O Be7 5. c4 c5 6. cxd5 Nxd5 7. d4 O-O 8. e4
Nb6 9. Nc3 Nc6 10. dxc5 Bxc5 11. Qe2 e5 12. Rd1 Qe8 13. Nd5 Nxd5 14. exd5 Nd4
15. Nxd4 exd4 16. Qc4 Bb6 17. b3 Bg4 18. f3 Rc8 19. Qf1 Bf5 20. Ba3 Qe3+ 21.
Kh1 Rfd8 22. d6 Bc2 23. Re1 Qc3 24. Bh3 Rb8 25. d7 Bc5 26. Qb5 Bxa3 27. Re8+
Bf8 28. Rae1 d3 0-1

[Event "12th ChessMates International, York"]
[Site "York Guildhall"]
[Date "2025.03.23"]
[Round "5.24"]
[White "Arun, Nitish"]
[Black "Wainwright, Charlie"]
[Result "1-0"]
[WhiteElo "1967"]
[BlackElo "1783"]
[PlyCount "65"]
[EventDate "2025.??.??"]
[WhiteTeam "Ireland"]
[BlackTeam "Yorkshire"]
[WhiteTeamCountry "IRL"]

1. d4 d5 2. c4 c6 3. Nc3 Nf6 4. Nf3 dxc4 5. a4 Bf5 6. e3 e6 7. Bxc4 h6 8. O-O
Be7 9. Qe2 O-O 10. e4 Bg6 11. Ne5 Bh7 12. Rd1 Bb4 13. f3 Nbd7 14. Nd3 Be7 15.
Be3 a5 16. Rac1 Qc7 17. Ba2 Qd8 18. Kh1 Re8 19. Qf2 Bg6 20. Nf4 Nf8 21. Nxg6
Nxg6 22. d5 exd5 23. exd5 cxd5 24. Nxd5 Nxd5 25. Rxd5 Qb8 26. Rb5 Nf4 27. Bb1
Bf6 28. Qd2 Rd8 29. Qc2 Nd5 30. Qh7+ Kf8 31. Bc5+ Ke8 32. Qg8+ Kd7 33. Qxf7+
1-0

[Event "12th ChessMates International, York"]
[Site "York Guildhall"]
[Date "2025.03.23"]
[Round "5.25"]
[White "Ganti, Shriaansh"]
[Black "Barnes, Oliver"]
[Result "1/2-1/2"]
[WhiteElo "1980"]
[BlackElo "2027"]
[PlyCount "36"]
[EventDate "2025.??.??"]
[WhiteTeam "Yorkshire"]
[BlackTeam "Ireland"]
[BlackTeamCountry "IRL"]

1. e4 e6 2. d4 d5 3. Nc3 Bb4 4. e5 c5 5. a3 Bxc3+ 6. bxc3 Qa5 7. Bd2 Qa4 8. Qb1
c4 9. f4 Ne7 10. Nf3 Nbc6 11. g3 Bd7 12. Bg2 O-O-O 13. Qb2 b6 14. O-O-O h5 15.
Ng5 Rdf8 16. Bh3 g6 17. Be1 Nf5 18. Bf2 Kc7 1/2-1/2

[Event "12th ChessMates International, York"]
[Site "York Guildhall"]
[Date "2025.03.23"]
[Round "5.26"]
[White "Duan, Yinan"]
[Black "Burke, Alex"]
[Result "1/2-1/2"]
[WhiteElo "1801"]
[BlackElo "1816"]
[PlyCount "42"]
[EventDate "2025.??.??"]
[WhiteTeam "Ireland"]
[BlackTeam "Yorkshire"]
[WhiteTeamCountry "IRL"]

1. e4 e6 2. d4 d5 3. e5 c5 4. c3 Nc6 5. Nf3 Bd7 6. Bd3 cxd4 7. cxd4 Qb6 8. Bc2
Nb4 9. Nc3 Nxc2+ 10. Qxc2 Rc8 11. O-O Ne7 12. Be3 Nf5 13. a3 Be7 14. Qd2 Nxe3
15. fxe3 O-O 16. Rac1 Qb3 17. Rf2 Rc4 18. Qe1 Rc6 19. Rfc2 Rfc8 20. Nd2 Qb6 21.
Nf3 R6c7 1/2-1/2

[Event "12th ChessMates International, York"]
[Site "York Guildhall"]
[Date "2025.03.23"]
[Round "5.27"]
[White "Madzia, Nathan"]
[Black "Bartczak, Korneliusz"]
[Result "1/2-1/2"]
[WhiteElo "1867"]
[BlackElo "1938"]
[PlyCount "173"]
[EventDate "2025.??.??"]
[WhiteTeam "Yorkshire"]
[BlackTeam "Ireland"]
[BlackTeamCountry "IRL"]

1. e4 e5 2. Nf3 Nc6 3. c3 d5 4. Qa4 f6 5. d3 Nge7 6. b4 a6 7. b5 Na7 8. bxa6+
Nac6 9. Be3 Rxa6 10. Qc2 d4 11. cxd4 exd4 12. Bf4 Ng6 13. Bg3 Nb4 14. Qb2 Rc6
15. Na3 Rc3 16. Nb5 Nc2+ 17. Kd1 Nxa1 18. Nxc3 dxc3 19. Qxc3 Bd6 20. Qxa1 Bxg3
21. hxg3 Be6 22. Nd4 Bf7 23. f4 O-O 24. Ke2 Qd7 25. Qb2 Rd8 26. Ke3 c5 27. Nb3
b6 28. Be2 Ra8 29. Ra1 Qa4 30. Bd1 Qd7 31. Nc1 Ne7 32. Bb3 Nc6 33. Bxf7+ Kxf7
34. Ne2 Nb4 35. Qb3+ Kf8 36. a4 b5 37. a5 Qa7 38. Kf3 Rd8 39. d4 Qe7 40. Rd1 c4
41. Qb2 f5 42. Nc3 fxe4+ 43. Nxe4 Re8 44. Nc3 Qe3+ 45. Kg4 Nd3 46. Rxd3 cxd3
47. Qb4+ Qe7 48. Qxb5 d2 49. a6 Rd8 50. Qa4 Qd7+ 51. Qxd7 Rxd7 52. Kf3 Rxd4 53.
Ke2 d1=Q+ 54. Nxd1 Ra4 55. Kf3 Ra1 56. Ne3 Rxa6 57. g4 Kf7 58. g5 Ke6 59. g4
Ra4 60. Kg3 g6 61. Kf3 Kd6 62. Kg3 Kc5 63. f5 Kd4 64. Kf4 Kd3+ 65. Kf3 Ra5 66.
Kf4 Ke2 67. Ng2 Kf2 68. Nh4 Ra4+ 69. Ke5 Kg3 70. fxg6 hxg6 71. Nxg6 Kxg4 72.
Nf8 Kxg5 73. Ne6+ Kg4 74. Nd4 Ra8 75. Ne6 Ra5+ 76. Ke4 Ra1 77. Nc5 Re1+ 78. Kd4
Kf5 79. Nd3 Re8 80. Nc5 Rd8+ 81. Ke3 Rd5 82. Nb3 Re5+ 83. Kd4 Re4+ 84. Kd5 Re1
85. Nd4+ Kf4 86. Ne6+ Rxe6 87. Kxe6 1/2-1/2

[Event "12th ChessMates International, York"]
[Site "York Guildhall"]
[Date "2025.03.23"]
[Round "5.29"]
[White "Woozeer, Seth"]
[Black "White, Nicole"]
[Result "1/2-1/2"]
[WhiteElo "1730"]
[BlackElo "1727"]
[PlyCount "43"]
[EventDate "2025.??.??"]
[WhiteTeam "Yorkshire"]
[BlackTeam "Ireland"]
[BlackTeamCountry "IRL"]

1. e4 c6 2. d4 d5 3. e5 Bf5 4. Nd2 e6 5. Nb3 Nd7 6. Nf3 h6 7. Be2 c5 8. dxc5
Bxc5 9. Nxc5 Nxc5 10. O-O Ne7 11. Bf4 O-O 12. Re1 Rc8 13. c3 Qd7 14. Be3 a6 15.
Bxc5 Rxc5 16. Nd4 Bh7 17. Bd3 Bxd3 18. Qxd3 Rc7 19. f4 Nc6 20. Nxc6 Qxc6 21.
Kh1 Qc4 22. Qe3 1/2-1/2

[Event "12th ChessMates International, York"]
[Site "York Guildhall"]
[Date "2025.03.23"]
[Round "5.30"]
[White "Andhurthi, Sreeyan"]
[Black "Singh, Adamjeet"]
[Result "1/2-1/2"]
[WhiteElo "1631"]
[BlackElo "1544"]
[PlyCount "53"]
[EventDate "2025.??.??"]
[WhiteTeam "Ireland"]
[BlackTeam "Yorkshire"]
[WhiteTeamCountry "IRL"]

1. e4 e6 2. d4 d5 3. Bd3 Nf6 4. e5 Nfd7 5. Ne2 c5 6. c3 Nc6 7. a3 Qb6 8. b4
cxd4 9. cxd4 a6 10. Nbc3 Be7 11. Be3 f6 12. exf6 Nxf6 13. O-O O-O 14. h3 Bd7
15. Rc1 Rac8 16. Qd2 Bd6 17. Rfe1 Rce8 18. Rb1 Ne7 19. b5 a5 20. Na4 Qa7 21.
Rb3 b6 22. Bf4 Bxf4 23. Nxf4 Nc8 24. Nc3 Nd6 25. a4 Qb8 26. Rbb1 Nfe4 27. Bxe4
1/2-1/2

[Event "12th ChessMates International, York"]
[Site "York Guildhall"]
[Date "2025.03.23"]
[Round "5.31"]
[White "Marchix, Esteban"]
[Black "Thorisson, Benedikt"]
[Result "1-0"]
[WhiteElo "2170"]
[BlackElo "2065"]
[PlyCount "133"]
[EventDate "2025.??.??"]
[WhiteTeam "Monaco"]
[BlackTeam "Iceland"]
[WhiteTeamCountry "MNC"]
[BlackTeamCountry "ISL"]

1. e4 c5 2. Nf3 e6 3. d4 cxd4 4. Qxd4 Nc6 5. Qe3 a6 6. Nc3 b5 7. Bd3 Bb7 8. O-O
d6 9. a4 b4 10. Ne2 Qc7 11. Ned4 Nf6 12. Nxc6 Qxc6 13. Nd4 Qc5 14. f3 Be7 15.
Qf2 O-O 16. Be3 Qc7 17. Qg3 Kh8 18. Rad1 Nd7 19. b3 Bf6 20. Qh3 Ne5 21. Be2 Qc3
22. Bf2 Ng6 23. g3 Rac8 24. Qg2 d5 25. exd5 Bxd5 26. Bxa6 Ra8 27. Rd3 Qc7 28.
Bb5 Ne5 29. Rdd1 Ng4 30. h3 Nxf2 31. Qxf2 Be7 32. Kh2 Bc5 33. Qe2 Rad8 34. Bc4
Qb6 35. Bxd5 Bxd4 36. Be4 Bc3 37. Bd3 g6 38. Kg2 Rd5 39. Be4 Rxd1 40. Rxd1 Rd8
41. Qb5 Qc7 42. Qb7 Rc8 43. Rd7 Qxb7 44. Bxb7 Rc5 45. Rxf7 Be5 46. Be4 Rc7 47.
Rxc7 Bxc7 48. g4 Kg7 49. Kf2 Kf6 50. Ke3 Ke7 51. Kd3 Kd7 52. c3 bxc3 53. Kxc3
Bd6 54. Kc4 Kc7 55. Kb5 Kb8 56. b4 Ka7 57. Bc6 h5 58. a5 hxg4 59. hxg4 g5 60.
Ka4 Bf4 61. b5 Be3 62. Bd7 e5 63. b6+ Bxb6 64. axb6+ Kxb6 65. Kb4 Kc7 66. Bf5
Kd6 67. Kc4 1-0

[Event "12th ChessMates International, York"]
[Site "York Guildhall"]
[Date "2025.03.23"]
[Round "5.32"]
[White "Gudmundsson, Gunnar Erik"]
[Black "Kien, Clovis"]
[Result "0-1"]
[WhiteElo "2044"]
[BlackElo "1861"]
[PlyCount "83"]
[EventDate "2025.??.??"]
[WhiteTeam "Iceland"]
[BlackTeam "Monaco"]
[WhiteTeamCountry "ISL"]
[BlackTeamCountry "MNC"]

1. d4 Nf6 2. c4 g6 3. Nc3 Bg7 4. e4 d6 5. Nf3 O-O 6. Be2 e5 7. dxe5 dxe5 8.
Qxd8 Rxd8 9. Bg5 Re8 10. O-O-O Bg4 11. Rd2 Nc6 12. Bxf6 Bxf6 13. Nd5 Bd8 14.
Rhd1 Bxf3 15. Bxf3 Nd4 16. Bg4 c6 17. Ne3 Bg5 18. Kb1 f5 19. Bf3 Rad8 20. Rd3
Nxf3 21. gxf3 f4 22. Nc2 Rxd3 23. Rxd3 Rd8 24. Ne1 Kf7 25. Rxd8 Bxd8 26. Nd3
Kf6 27. b4 Kg5 28. Nxe5 Kh4 29. Kc2 Kh3 30. Kd3 Kxh2 31. Ke2 Kg2 32. Nf7 Be7
33. Nh6 Bf8 34. Ng8 h5 35. e5 h4 36. Nf6 h3 37. Ng4 Bxb4 38. e6 h2 39. Nxh2
Kxh2 40. Kd3 Kg2 41. Ke4 g5 42. Kd4 0-1

[Event "12th ChessMates International, York"]
[Site "York Guildhall"]
[Date "2025.03.23"]
[Round "5.33"]
[White "Brion Lacherest, Nathan"]
[Black "Omarsson, Adam"]
[Result "1-0"]
[WhiteElo "2037"]
[BlackElo "2073"]
[PlyCount "59"]
[EventDate "2025.??.??"]
[WhiteTeam "Monaco"]
[BlackTeam "Iceland"]
[WhiteTeamCountry "MNC"]
[BlackTeamCountry "ISL"]

1. e4 d6 2. d4 g6 3. Nc3 Bg7 4. Bc4 Nf6 5. Qe2 O-O 6. e5 Ne8 7. Bg5 Qd7 8.
O-O-O c6 9. h4 b5 10. Bd3 Nc7 11. Qe3 b4 12. Ne4 dxe5 13. Bh6 exd4 14. Qd2 Qd5
15. Bxg7 Kxg7 16. Qxb4 Nd7 17. h5 Rb8 18. Qxe7 Qxa2 19. hxg6 hxg6 20. Qh4 Qa1+
21. Kd2 Qa5+ 22. b4 Qh5 23. Qg3 Qe5 24. f4 Qe8 25. Re1 Qd8 26. Nf3 Ba6 27. Nxd4
f5 28. Ng5 Qf6 29. Nxf5+ Kg8 30. Ne7+ 1-0

[Event "12th ChessMates International, York"]
[Site "York Guildhall"]
[Date "2025.03.23"]
[Round "5.34"]
[White "Hermannsson, Sigurbjorn"]
[Black "Berezovsky, Fiorina"]
[Result "1-0"]
[WhiteElo "1849"]
[BlackElo "1816"]
[PlyCount "99"]
[EventDate "2025.??.??"]
[WhiteTeam "Iceland"]
[BlackTeam "Monaco"]
[WhiteTeamCountry "ISL"]
[BlackTeamCountry "MNC"]

1. e4 c5 2. Nf3 d6 3. d4 cxd4 4. Nxd4 Nf6 5. Nc3 Nc6 6. Bc4 g6 7. O-O Bg7 8.
Be3 O-O 9. Kh1 a6 10. f4 Qc7 11. Bb3 e6 12. f5 Nxd4 13. Bxd4 b5 14. fxe6 fxe6
15. Bxf6 Bxf6 16. Nd5 exd5 17. Bxd5+ Kg7 18. Bxa8 Be6 19. Bd5 Bxd5 20. exd5
Bxb2 21. Rxf8 Kxf8 22. Qf3+ Qf7 23. Rf1 Qxf3 24. Rxf3+ Ke7 25. Rb3 Bd4 26. Ra3
Kf6 27. c3 Bc5 28. Rxa6 b4 29. cxb4 Bxb4 30. Ra4 Bc5 31. Re4 Kf5 32. Re7 Kf6
33. Re6+ Kf5 34. g3 g5 35. h3 Ba3 36. Kg2 h5 37. Kf3 g4+ 38. hxg4+ hxg4+ 39.
Ke2 Bb2 40. Kd3 Be5 41. Rxe5+ Kxe5 42. Kc4 Ke4 43. a4 Kf3 44. a5 Kxg3 45. a6
Kh2 46. a7 g3 47. a8=Q g2 48. Qh8+ Kg3 49. Qg7+ Kh2 50. Qh6+ 1-0

[Event "12th ChessMates International, York"]
[Site "York Guildhall"]
[Date "2025.03.23"]
[Round "5.35"]
[White "Spinosi, Aurelien"]
[Black "Johannsson, Markus Orri"]
[Result "0-1"]
[WhiteElo "1976"]
[BlackElo "1871"]
[PlyCount "110"]
[EventDate "2025.??.??"]
[WhiteTeam "Monaco"]
[BlackTeam "Iceland"]
[WhiteTeamCountry "MNC"]
[BlackTeamCountry "ISL"]

1. e4 c5 2. Nf3 d6 3. d4 cxd4 4. Nxd4 Nf6 5. Nc3 Nc6 6. f3 e5 7. Ndb5 a6 8. Na3
b5 9. Nd5 Nxd5 10. exd5 Ne7 11. c3 Qd7 12. Nc2 Bb7 13. c4 bxc4 14. Bxc4 Qc7 15.
Ne3 f5 16. Qa4+ Kf7 17. O-O f4 18. Ng4 Qc5+ 19. Kh1 Bxd5 20. Bxd5+ Qxd5 21. Rd1
Qe6 22. b4 Nf5 23. Re1 g5 24. Bb2 Bg7 25. Qa5 h5 26. Nf2 Kg6 27. Rad1 Ne3 28.
Rxe3 fxe3 29. Ne4 Rhd8 30. Re1 Qc4 31. Qb6 Qd3 32. Qc7 Rac8 33. Qe7 Rf8 34.
Qxg5+ Kh7 35. Qxh5+ Kg8 36. Qg6 Qc4 37. Nxd6 Qxb4 38. Qe6+ Kh7 39. Qh3+ Bh6 40.
Qd7+ Kg8 41. Qe6+ Kh7 42. Qe7+ Bg7 43. Rg1 Qxb2 44. Qh4+ Kg8 45. Qg4 Qc2 46.
Qe6+ Kh8 47. Qh3+ Qh7 48. Nf7+ Rxf7 49. Qxc8+ Rf8 50. Qxa6 Qc2 51. h4 Qf2 52.
Qa4 e2 53. Qe4 Rf4 54. Qa8+ Kh7 55. g3 e1=Q 0-1

[Event "12th ChessMates International, York"]
[Site "York Guildhall"]
[Date "2025.03.23"]
[Round "5.36"]
[White "Briem, Gudrun Fanney"]
[Black "Marchix, Timeo"]
[Result "1-0"]
[WhiteElo "1868"]
[BlackElo "1603"]
[PlyCount "77"]
[EventDate "2025.??.??"]
[WhiteTeam "Iceland"]
[BlackTeam "Monaco"]
[WhiteTeamCountry "ISL"]
[BlackTeamCountry "MNC"]

1. d4 d5 2. Nf3 Nf6 3. e3 Bf5 4. c4 e6 5. Qb3 Qc8 6. Nc3 c6 7. Be2 Nbd7 8. h3
Be7 9. Nh4 Bg6 10. Nxg6 fxg6 11. O-O O-O 12. Bf3 Kh8 13. Bd2 Nb6 14. c5 Nc4 15.
Qc2 Qe8 16. Rad1 Bd8 17. Bc1 b5 18. b3 Na5 19. Rfe1 e5 20. e4 dxe4 21. Nxe4 Nd7
22. Nd6 Qe6 23. d5 Qe7 24. dxc6 Nf6 25. c7 Bxc7 26. Bxa8 Rxa8 27. Nxb5 Nc6 28.
Nxc7 Qxc7 29. Bb2 Re8 30. Re2 Nb4 31. Qc4 Nc6 32. b4 Nh5 33. Rde1 Nf4 34. Qxf4
Rg8 35. Bxe5 Qb7 36. a3 a6 37. Bc3 Qb5 38. Re8 Na7 39. Qf7 1-0

[Event "12th ChessMates International, York"]
[Site "York Guildhall"]
[Date "2025.03.23"]
[Round "5.37"]
[White "Alfano, Emilie"]
[Black "B. Berglindardottir, Emilia Embla"]
[Result "1-0"]
[WhiteElo "2141"]
[BlackElo "1619"]
[PlyCount "51"]
[EventDate "2025.??.??"]
[WhiteTeam "Monaco"]
[BlackTeam "Iceland"]
[WhiteTeamCountry "MNC"]
[BlackTeamCountry "ISL"]

1. e4 e6 2. d4 d5 3. Nd2 dxe4 4. Nxe4 Bd7 5. Nf3 Bc6 6. Bd3 Nd7 7. c3 Ngf6 8.
Ned2 Be7 9. O-O O-O 10. Qe2 Nd5 11. Nc4 b6 12. Nce5 Nxe5 13. dxe5 Bb7 14. Rd1
c5 15. c4 Nb4 16. Bxh7+ Kxh7 17. Rxd8 Raxd8 18. Ng5+ Bxg5 19. Bxg5 Rd7 20. Rd1
Rd4 21. Rxd4 cxd4 22. Be7 d3 23. Qd2 Rc8 24. Bxb4 Rxc4 25. Qxd3+ Re4 26. f3 1-0

[Event "12th ChessMates International, York"]
[Site "York Guildhall"]
[Date "2025.03.23"]
[Round "5.38"]
[White "Alguno Openia, Tristan Nash"]
[Black "De Martino, Daniele"]
[Result "1/2-1/2"]
[WhiteElo "1576"]
[BlackElo "1876"]
[PlyCount "64"]
[EventDate "2025.??.??"]
[WhiteTeam "Iceland"]
[BlackTeam "Monaco"]
[WhiteTeamCountry "ISL"]
[BlackTeamCountry "MNC"]

1. d4 Nf6 2. c4 g6 3. Nc3 Bg7 4. e4 d6 5. Be2 O-O 6. Bg5 Na6 7. h4 h6 8. Be3 e5
9. d5 Nc5 10. Qc2 a5 11. h5 g5 12. f3 g4 13. O-O-O gxf3 14. gxf3 Nh7 15. Qd2
Ng5 16. Bxg5 Qxg5 17. Qxg5 hxg5 18. h6 Bf6 19. Nh3 Kh7 20. Nf2 Rg8 21. Ng4 Rg6
22. Rdf1 Be7 23. Nd1 Bxg4 24. fxg4 Rf6 25. Ne3 Re8 26. Nf5 Kh8 27. Ng3 Rf4 28.
Bf3 Rf6 29. Be2 Rf4 30. Bf3 Rf6 31. Be2 Rf4 32. Bf3 Rf6 1/2-1/2

[Event "12th ChessMates International, York"]
[Site "York Guildhall"]
[Date "2025.03.23"]
[Round "5.39"]
[White "Kriuchkov, Nikita"]
[Black "Jonsson, Tristan Fannar"]
[Result "0-1"]
[WhiteElo "1666"]
[BlackElo "1557"]
[PlyCount "118"]
[EventDate "2025.??.??"]
[WhiteTeam "Monaco"]
[BlackTeam "Iceland"]
[WhiteTeamCountry "MNC"]
[BlackTeamCountry "ISL"]

1. e4 e5 2. Nf3 Nc6 3. Bc4 Nf6 4. d3 Bc5 5. c3 d6 6. Nbd2 h6 7. h3 g5 8. Bb5
Bd7 9. Nb3 Bb6 10. Be3 Bxe3 11. fxe3 a6 12. Bxc6 Bxc6 13. Qc2 Qe7 14. Rf1 d5
15. exd5 Nxd5 16. Qe2 e4 17. dxe4 Qxe4 18. Kf2 Bb5 19. Qd2 Bxf1 20. Rxf1 O-O-O
21. Nc5 Qe7 22. Qd4 Nb6 23. Qb4 Rhe8 24. Re1 Rd5 25. Nb3 Qxb4 26. cxb4 Nc4 27.
Re2 Rd3 28. Rc2 Nxe3 29. Re2 Nd1+ 30. Kf1 Rxe2 31. Kxe2 Rd5 32. Nfd4 Nxb2 33.
g4 Rd6 34. Nf5 Re6+ 35. Kd2 Nc4+ 36. Kc3 Nd6 37. Nbd4 Nxf5 38. Nxf5 Kd7 39. a4
Rf6 40. Kd4 Ke6 41. Ng7+ Ke7 42. Nf5+ Rxf5 43. gxf5 Kf6 44. Ke4 h5 45. a5 c6
46. Kd4 Kxf5 47. Kc5 g4 48. hxg4+ hxg4 49. Kb6 g3 50. Kxb7 g2 51. Kxa6 g1=Q 52.
Kb7 Qb1 53. Kxc6 Qxb4 54. a6 Ke6 55. a7 Qe4+ 56. Kc7 Qa8 57. Kb6 Kd6 58. Ka6
Kc5 59. Ka5 Qxa7# 0-1